Sổ tay siêu âm tiền liệt tuyến qua trực tràng = Manuel dechographie prostatique par voie endorectale patrice pfeifer
Zapisane w:
| Format: | Książka |
|---|---|
| Język: | Undetermined |
| Wydane: |
KHKT
|
| Etykiety: |
Dodaj etykietę
Nie ma etykietki, Dołącz pierwszą etykiete!
|
| Thư viện lưu trữ: | Trung tâm Học liệu Trường Đại học Cần Thơ |
|---|
| LEADER | 00425nam a2200121Ia 4500 | ||
|---|---|---|---|
| 001 | CTU_45436 | ||
| 008 | 210402s9999 xx 000 0 und d | ||
| 082 | |a 616.075 | ||
| 082 | |b P525 | ||
| 245 | 0 | |a Sổ tay siêu âm tiền liệt tuyến qua trực tràng | |
| 245 | 0 | |b = Manuel dechographie prostatique par voie endorectale patrice pfeifer | |
| 260 | |b KHKT | ||
| 980 | |a Trung tâm Học liệu Trường Đại học Cần Thơ | ||